Plant Physiology: a text book (Record no. 1)

MARC details
000 -LEADER
fixed length control field 00556nam a22002177a 4500
003 - CONTROL NUMBER IDENTIFIER
control field OSt
005 - DATE AND TIME OF LATEST TRANSACTION
control field 20241113105254.0
008 - FIXED-LENGTH DATA ELEMENTS--GENERAL INFORMATION
fixed length control field 230504b |||||||| |||| 00| s eng d
020 ## - INTERNATIONAL STANDARD BOOK NUMBER
International Standard Book Number 978-93-5540-020-8
040 ## - CATALOGING SOURCE
Transcribing agency English
082 ## - DEWEY DECIMAL CLASSIFICATION NUMBER
Classification number 632/SHI
Item number 000001
100 ## - MAIN ENTRY--PERSONAL NAME
Personal name Shil, Sanjoy
Relator term Editor
245 ## - TITLE STATEMENT
Title Plant Physiology: a text book
260 ## - PUBLICATION, DISTRIBUTION, ETC.
Place of publication, distribution, etc. New Delhi
Name of publisher, distributor, etc. Kalyani
Date of publication, distribution, etc. 2022
300 ## - PHYSICAL DESCRIPTION
Extent 650p.
Other physical details PB
520 ## - SUMMARY, ETC.
Summary, etc. SSS
653 ## - INDEX TERM--UNCONTROLLED
Uncontrolled term stress physiology,
700 ## - ADDED ENTRY--PERSONAL NAME
Personal name Nikam, S.S.
Relator term Guide Name
856 ## - ELECTRONIC LOCATION AND ACCESS
Uniform Resource Identifier <a href="www.kalyanipublishers.co.in">www.kalyanipublishers.co.in</a>
942 ## - ADDED ENTRY ELEMENTS (KOHA)
Source of classification or shelving scheme Dewey Decimal Classification
Koha item type Book
Suppress in OPAC No
Serial record flag 1
Holdings
Withdrawn status Lost status Source of classification or shelving scheme Damaged status Not for loan Collection Home library Current library Date acquired Source of acquisition Total checkouts Full call number Barcode Date last seen Date last checked out Cost, replacement price Price effective from Koha item type Public note
    Dewey Decimal Classification     Text Book Main Branch Main Branch 05/04/2023 Shree Ganesh Book suppliers Bill No. 50/05/02/2023 2 630/SHI 0000001 12/12/2023 12/12/2023 550.00 05/04/2023 Book Sem-I
    Dewey Decimal Classification       Main Branch Main Branch 05/04/2023       0000002 05/04/2023     05/04/2023 Book  
    Dewey Decimal Classification     lost and paid Main Branch Main Branch 05/04/2023       0000003 05/04/2023     05/04/2023 Book  
    Dewey Decimal Classification     lost and paid Main Branch Main Branch 05/04/2023       0000004 05/04/2023     05/04/2023 Book  
    Dewey Decimal Classification     lost and paid Main Branch Main Branch 05/04/2023       0000005 05/04/2023     05/04/2023 Book  
    Dewey Decimal Classification     Phd Thesis Main Branch Main Branch 05/04/2023       0000006 05/04/2023     05/04/2023 Book